Assam Buranji (Record no. 4775)

MARC details
000 -LEADER
fixed length control field 00493cam a2200181ua 4500
008 - FIXED-LENGTH DATA ELEMENTS--GENERAL INFORMATION
fixed length control field 131005n ii |||gr||||Z||||||asm
040 ## - CATALOGING SOURCE
Transcribing agency MAIN
082 ## - DEWEY DECIMAL CLASSIFICATION NUMBER
Classification number 954.162
245 11 - TITLE STATEMENT
Title Assam Buranji
Statement of responsibility, etc. By Harakanta Barua Sadar
260 ## - PUBLICATION, DISTRIBUTION, ETC.
Place of publication, distribution, etc. Gauhati:
Name of publisher, distributor, etc. Deppartment of Historical& Antiquarian Studies,
Date of publication, distribution, etc. 1990.
300 ## - PHYSICAL DESCRIPTION
Extent 151p.
700 1# - ADDED ENTRY--PERSONAL NAME
Personal name Sadar Barua,Harakanta,
Relator term
700 1# - ADDED ENTRY--PERSONAL NAME
Personal name Bhuyan,Surya Kumar.,
Relator term
942 ## - ADDED ENTRY ELEMENTS (KOHA)
Koha item type Books
653 ## - INDEX TERM--UNCONTROLLED
Uncontrolled term History
653 ## - INDEX TERM--UNCONTROLLED
Uncontrolled term Assam Buranji
Holdings
Withdrawn status Lost status Damaged status Not for loan Home library Current library Shelving location Date acquired Total Checkouts Full call number Barcode Date last seen Copy number Price effective from Koha item type
        Naharkatiya College Library Naharkatiya College Library General Stacks 19/09/2020   954.162 | SAD 3918 19/09/2020 1 19/09/2020 Books

Naharkatiya College © 2020. All rights reserved.

Powered By